000 003400000a22001570004500
001 004397
003 MACL
040 _aMACL
090 _c16390
_d16389
100 _aKumar, Hajira
245 _aStatus Of Muslim Women In Indian
_cHajira Kumar
260 _aAakar Books,
_c2002
350 _a300
650 _aReligion
942 _k297
_cBook
999 _c16288
_d16288